000
00339nam a22001577a 4500
003
SGT
020
_a
9781260441109
082
_a
617.5
_b
M19Z
100
_a
ZINNER, MICHAEL J.
245
_a
MAINGOT'S ABDOMINAL OPERATION
250
_a
13TH
260
_a
NEW YORK
_b
MCGROW HILL
300
_a
1483
650
_a
SURGERY
942
_2
ddc
_c
BK
999
_c
21011
_d
21011